000 00680nam a2200229Ia 4500
005 20260430150148.0
008 008 250103s9999 xx 000 0 eng d
037 _aTheses
040 _aCRL
040 _beng
040 _ceng
041 _2eng
041 _aeng
084 _qCRL
100 _aBansal Sonia Au.; Mital Meenakshi Gu.; Gupta Puja Gu.
_91236641
245 0 _aAssessment of Skill Development Initiatives of industrial Training institures(ITIs) in Delhi: Stakeholders Perspective
260 _c2021
300 _a394p.
700 _aUniversity of Delhi. Faculty of Science. Deptt. of Home Science
_91236642
942 _cTH
999 _c1849102
_d1849102